| 000 | 01615cam a22003735i 4500 | ||
|---|---|---|---|
| 999 |
_c24877 _d24849 |
||
| 003 | EG-ScBUE | ||
| 005 | 20200128102159.0 | ||
| 008 | 170524s2012 ua f b 000 0 ara d | ||
| 017 | _a2002 / 16328 | ||
| 020 | _a9771606697 | ||
| 020 | _a9789771606697 | ||
| 040 |
_aEG-ScBUE _bara _erda _cEG-ScBUE _dEG-ScBUE |
||
| 041 | 0 |
_aara _heng |
|
| 082 | 0 | 4 |
_a892.703 _bع ن ا _222 |
| 100 | 1 |
_aعناني، محمد، _d1939- _eمؤلف. |
|
| 245 | 1 | 2 |
_aالمصطلحات الأدبية الحديثة : _bدراسة ومعجم : إنجليزي - عربي / _cالدكتور محمد عناني، أستاذ الأدب الإنجليزي بجامعة القاهرة. |
| 246 | 3 | 5 |
_aModern literary terms : _ba study and a dictionary : English - Arabic |
| 250 | _aالطبعة الثالثة. | ||
| 264 | 1 |
_aالجيزة، مصر : _bالشركة المصرية العالمية للنشر - لونجمان، _c2012. |
|
| 264 | 2 |
_aالقاهرة : _bشركة أبو الهول للنشر |
|
| 300 |
_a1 مجلد (متعدد الترقيم) ؛ _c22 سم. |
||
| 336 |
_aنص _btxt _2rdacontent |
||
| 337 |
_aبدون وسيط _bn _2rdamedia |
||
| 338 |
_aمجلد _bnc _2rdacarrier |
||
| 490 | 0 | _aأدبيات | |
| 500 | _aيشتمل على مسرد لغوي. | ||
| 504 | _aيشتمل على إرجاعات ببليوجرافية. | ||
| 546 | _aالنص باللغتين العربية والإنجليزية. | ||
| 650 | 7 |
_aالأدب _vمعجم مصطلحات. _2BUEsh |
|
| 650 | 7 |
_aالأدب العربي _vمعاجم. _2BUEsh |
|
| 651 | _2BUEsh | ||
| 653 |
_bARALIT _bHHUUEENN _bGGEN _cMay2017 |
||
| 942 | _2ddc | ||